Tourisme & societe
Saved in:
| Main Author: | |
|---|---|
| Format: | Book |
| Language: | French |
| Published: |
Paris :
Centre des hautes etudes touristiques,
1991
|
| Series: | Cahiers du tourisme. Serie C ;
; 126 |
| Subjects: | |
| Tags: |
Add Tag
No Tags, Be the first to tag this record!
|
MARC
| LEADER | 00000nam a2200000 i 4500 | ||
|---|---|---|---|
| 001 | 1/19502 | ||
| 008 | 960627s1992 fre d | ||
| 035 | |l 10021298 | ||
| 040 | |a GR-MY-UA |b gre |e aacr | ||
| 041 | 0 | |a fre | |
| 082 | 0 | |a 338.4791 | |
| 100 | 1 | |a Haulot, Arthur. | |
| 245 | 1 | 0 | |a Tourisme & societe / |c Arthur Haulot |
| 260 | |a Paris : |b Centre des hautes etudes touristiques, |c 1991 | ||
| 300 | |a 42 p. | ||
| 490 | 1 | |a Cahiers du tourisme. Serie C |v ; 126 | |
| 650 | 0 | 0 | |a Tourism. |
| 830 | 0 | |a Cahiers du tourisme. Serie C ; |v ; 126 | |
| 852 | |a INST |b CHIOS |e 19960627 |h 338.4791 HAU |p 005200007454 |q 005200007454 |t BK |y 0 | ||
| 909 | |a Χ |b 032123 | ||